<?xml version="1.0" encoding="UTF-8"?>
<record
    xmlns:xsi="http://www.w3.org/2001/XMLSchema-instance"
    xsi:schemaLocation="http://www.loc.gov/MARC21/slim http://www.loc.gov/standards/marcxml/schema/MARC21slim.xsd"
    xmlns="http://www.loc.gov/MARC21/slim">

  <leader>00326nam a22001457a 4500</leader>
  <datafield tag="999" ind1=" " ind2=" ">
    <subfield code="c">54924</subfield>
    <subfield code="d">54924</subfield>
  </datafield>
  <controlfield tag="008">190925b           ||||| |||| 00| 0 eng d</controlfield>
  <datafield tag="020" ind1=" " ind2=" ">
    <subfield code="a">9780071790277</subfield>
  </datafield>
  <datafield tag="041" ind1=" " ind2=" ">
    <subfield code="a">eng</subfield>
  </datafield>
  <datafield tag="080" ind1=" " ind2=" ">
    <subfield code="a">615.03</subfield>
  </datafield>
  <datafield tag="082" ind1=" " ind2=" ">
    <subfield code="2">615.03</subfield>
  </datafield>
  <datafield tag="100" ind1=" " ind2=" ">
    <subfield code="a">3</subfield>
  </datafield>
  <datafield tag="101" ind1=" " ind2=" ">
    <subfield code="a">SH.M.</subfield>
  </datafield>
  <datafield tag="245" ind1=" " ind2=" ">
    <subfield code="a">Choosing A Medical Specialty</subfield>
    <subfield code="c">Freeman.B.S</subfield>
  </datafield>
  <datafield tag="942" ind1=" " ind2=" ">
    <subfield code="2">udc</subfield>
    <subfield code="c">BK</subfield>
  </datafield>
  <datafield tag="952" ind1=" " ind2=" ">
    <subfield code="0">0</subfield>
    <subfield code="1">0</subfield>
    <subfield code="2">udc</subfield>
    <subfield code="4">0</subfield>
    <subfield code="7">0</subfield>
    <subfield code="a">004</subfield>
    <subfield code="b">004</subfield>
    <subfield code="c">P&#xCB;KG</subfield>
    <subfield code="d">2019-09-25</subfield>
    <subfield code="l">0</subfield>
    <subfield code="o">615.03    FRE</subfield>
    <subfield code="p">002-3020134</subfield>
    <subfield code="r">2019-09-25</subfield>
    <subfield code="w">2019-09-25</subfield>
    <subfield code="y">BK</subfield>
  </datafield>
  <datafield tag="952" ind1=" " ind2=" ">
    <subfield code="0">0</subfield>
    <subfield code="1">0</subfield>
    <subfield code="2">udc</subfield>
    <subfield code="4">0</subfield>
    <subfield code="7">0</subfield>
    <subfield code="a">004</subfield>
    <subfield code="b">004</subfield>
    <subfield code="c">P&#xCB;KG</subfield>
    <subfield code="d">2019-09-25</subfield>
    <subfield code="l">0</subfield>
    <subfield code="o">615.03    FRE</subfield>
    <subfield code="p">002-3020129</subfield>
    <subfield code="r">2019-09-25</subfield>
    <subfield code="w">2019-09-25</subfield>
    <subfield code="y">BK</subfield>
  </datafield>
  <datafield tag="952" ind1=" " ind2=" ">
    <subfield code="0">0</subfield>
    <subfield code="1">0</subfield>
    <subfield code="2">udc</subfield>
    <subfield code="4">0</subfield>
    <subfield code="7">0</subfield>
    <subfield code="a">004</subfield>
    <subfield code="b">004</subfield>
    <subfield code="c">P&#xCB;KG</subfield>
    <subfield code="d">2019-09-25</subfield>
    <subfield code="l">0</subfield>
    <subfield code="o">615.03    FRE</subfield>
    <subfield code="p">002-3020124</subfield>
    <subfield code="r">2019-09-25</subfield>
    <subfield code="w">2019-09-25</subfield>
    <subfield code="y">BK</subfield>
  </datafield>
  <datafield tag="952" ind1=" " ind2=" ">
    <subfield code="0">0</subfield>
    <subfield code="1">0</subfield>
    <subfield code="2">udc</subfield>
    <subfield code="4">0</subfield>
    <subfield code="7">0</subfield>
    <subfield code="a">004</subfield>
    <subfield code="b">004</subfield>
    <subfield code="c">P&#xCB;KG</subfield>
    <subfield code="d">2019-09-25</subfield>
    <subfield code="l">0</subfield>
    <subfield code="o">615.03    FRE</subfield>
    <subfield code="p">002-3020183</subfield>
    <subfield code="r">2019-09-25</subfield>
    <subfield code="w">2019-09-25</subfield>
    <subfield code="y">BK</subfield>
  </datafield>
  <datafield tag="952" ind1=" " ind2=" ">
    <subfield code="0">0</subfield>
    <subfield code="1">0</subfield>
    <subfield code="2">udc</subfield>
    <subfield code="4">0</subfield>
    <subfield code="7">0</subfield>
    <subfield code="a">004</subfield>
    <subfield code="b">004</subfield>
    <subfield code="c">P&#xCB;KG</subfield>
    <subfield code="d">2019-09-25</subfield>
    <subfield code="l">0</subfield>
    <subfield code="o">615.03    FRE</subfield>
    <subfield code="p">002-3020178</subfield>
    <subfield code="r">2019-09-25</subfield>
    <subfield code="w">2019-09-25</subfield>
    <subfield code="y">BK</subfield>
  </datafield>
  <datafield tag="952" ind1=" " ind2=" ">
    <subfield code="0">0</subfield>
    <subfield code="1">0</subfield>
    <subfield code="2">udc</subfield>
    <subfield code="4">0</subfield>
    <subfield code="7">0</subfield>
    <subfield code="a">004</subfield>
    <subfield code="b">004</subfield>
    <subfield code="c">P&#xCB;KG</subfield>
    <subfield code="d">2019-09-25</subfield>
    <subfield code="l">0</subfield>
    <subfield code="o">615.03    FRE</subfield>
    <subfield code="p">002-3020173</subfield>
    <subfield code="r">2019-09-25</subfield>
    <subfield code="w">2019-09-25</subfield>
    <subfield code="y">BK</subfield>
  </datafield>
  <datafield tag="952" ind1=" " ind2=" ">
    <subfield code="0">0</subfield>
    <subfield code="1">0</subfield>
    <subfield code="2">udc</subfield>
    <subfield code="4">0</subfield>
    <subfield code="7">0</subfield>
    <subfield code="a">004</subfield>
    <subfield code="b">004</subfield>
    <subfield code="c">P&#xCB;KG</subfield>
    <subfield code="d">2019-09-25</subfield>
    <subfield code="l">0</subfield>
    <subfield code="o">615.03    FRE</subfield>
    <subfield code="p">002-3020168</subfield>
    <subfield code="r">2019-09-25</subfield>
    <subfield code="w">2019-09-25</subfield>
    <subfield code="y">BK</subfield>
  </datafield>
  <datafield tag="952" ind1=" " ind2=" ">
    <subfield code="0">0</subfield>
    <subfield code="1">0</subfield>
    <subfield code="2">udc</subfield>
    <subfield code="4">0</subfield>
    <subfield code="7">0</subfield>
    <subfield code="a">004</subfield>
    <subfield code="b">004</subfield>
    <subfield code="c">P&#xCB;KG</subfield>
    <subfield code="d">2019-09-25</subfield>
    <subfield code="l">0</subfield>
    <subfield code="o">615.03    FRE</subfield>
    <subfield code="p">002-3020163</subfield>
    <subfield code="r">2019-09-25</subfield>
    <subfield code="w">2019-09-25</subfield>
    <subfield code="y">BK</subfield>
  </datafield>
  <datafield tag="952" ind1=" " ind2=" ">
    <subfield code="0">0</subfield>
    <subfield code="1">0</subfield>
    <subfield code="2">udc</subfield>
    <subfield code="4">0</subfield>
    <subfield code="7">0</subfield>
    <subfield code="a">004</subfield>
    <subfield code="b">004</subfield>
    <subfield code="c">P&#xCB;KG</subfield>
    <subfield code="d">2019-09-25</subfield>
    <subfield code="l">0</subfield>
    <subfield code="o">615.03    FRE</subfield>
    <subfield code="p">002-3020158</subfield>
    <subfield code="r">2019-09-25</subfield>
    <subfield code="w">2019-09-25</subfield>
    <subfield code="y">BK</subfield>
  </datafield>
</record>
